Quiz Football France - Statistiques

Statistiques générales
  • Ce quiz a été pris 123 fois
  • Le résultat moyen est 8 sur 15
Statistiques - réponses
Hint Réponse % Correct
Quel joueur formé a lyon remporte t'il un ballon d'or Karim Benzema
96%
Quel club Francais est le premier a accéder a une finale de C1 en 1962 Reims
93%
Quel est le gardien titulaire lors de la finale de la coupe du monde 1998 Fabien Barthez
76%
Combien de finale de C1 Saint etienne a t'il disputé 1
74%
Combien de titre a remporté le TFC en ligue 1 0
70%
Joueur passé par ces 3 clubs: Juventus -Manchester Utd-Monaco Paul Pogba
64%
Quel est l'entraineur en 2010 lors de la coupe du monde en Afrique du sud Raymond Domenech
57%
En quel année est la fondation du PSG 1970
50%
Joueur passé par ces 3 clubs: PSG - Seville Fc - Atletico Madrid - Strasbourg Kevin Gameiro
50%
Quel est le club ayant le plus gagné la L2 Le Havre
38%
Quel est le club le plus ancien de France Le Havre
38%
Comment s'appelle le stade de Saint Etienne Stade geoffroy Guichard
34%
Quel est le joueurs ayant disputé le plus de match de Ligue 1 Mickael Landreau
11%
Nommez la plus grosse vente de l'OM Michy Batshuayi
9%
Quel est le joueur qui remporte le titre de meilleur joueur du championnat en 2009-2010 Lisandro Lopes
4%
Aucun quiz correspondant
Distribution des résultats
% des personnes avec chaque résultat
Percentile par nombre de réponses
Votre historique - résultats
Vous n’avez pas pris ce quiz